00630 2200241 4500001002100000005001500021035002000036245006800056100001800124250000600142300003500148700001900183260003900202082000800241084001700249020002200266650001500288990001700303990001700320990001700337990001700354990001700371INLIS00000000000009720180825122019 a0010-08180000611 aSudut dan Besarnya /cDewi Marsiyah; Ilustrator, Rahmat Isnaeni0 aDewi Marsiyah a- aiv, 68 hlm. :bilus. ;c21 cm.0 aRahmat Isnaeni aKlaten :bPT Intan Pariwara,c2008 a510 a00406/P/2018 a978-979-28-0369-3 aMatematika a00406/P/2018 a00407/P/2018 a00408/P/2018 a00409/P/2018 a00410/P/2018